Pokrok odetý do sárí

Podnikanie v Indii. Pandžáb a jeho hlavné mesto Čandígarh. Indickí biznismeni uplatňujú moderné postupy po svojom.

Salvato in:
Dettagli Bibliografici
Autore principale: Rifaiová, Daniela
Natura: Capitolo di libro
Lingua:slovacco
Soggetti:
Tags: Aggiungi Tag
Nessun Tag, puoi essere il primo ad aggiungerne!!

MARC

LEADER 00000naa a2200000 4500
001 0135926
005 20231113073349.3
041 0 |a slo 
044 |a SK 
245 1 0 |a Pokrok odetý do sárí  |c Daniela Rifaiová 
520 |a Podnikanie v Indii. Pandžáb a jeho hlavné mesto Čandígarh. Indickí biznismeni uplatňujú moderné postupy po svojom. 
610 2 0 |a politika podnikania 
610 2 0 |a India 
100 1 |a Rifaiová, Daniela